[Event "FICGS rapid M 000117 email"]
[Site "FICGS email"]
[Date "2020.07.11"]
[Round "1"]
[White "Van Dijk, Erik"]
[Black "Koslowski, Volker"]
[Result "1/2-1/2"]
[WhiteElo "2176"]
[BlackElo "2134"]
[PlyCount "85"]
[EventDate "2020.??.??"]
[EventType "tourn (rapid)"]
[EventRounds "6"]
[SourceTitle "Corr 2022"]
[Source "ChessBase"]
[SourceDate "2021.10.24"]
[SourceVersion "1"]
[SourceVersionDate "2021.10.24"]
[SourceQuality "1"]

1. d4 g6 2. c4 Nf6 3. Nc3 d5 4. Nf3 Bg7 5. Qb3 dxc4 6. Qxc4 0-0 7. e4 a6 8. Qb3 b5 9. Be2 c5 10. dxc5 Be6 11. Qc2 Nbd7 12. Be3 Rc8 13. Rd1 Qa5 14. a3 b4 15. axb4 Qxb4 16. c6 Rxc6 17. Nd4 Rd6 18. Nxe6 Rxd1+ 19. Bxd1 fxe6 20. 0-0 Rb8 21. Bf4 Rb7 22. Bc1 Rc7 23. Bd2 Ne8 24. Be2 Qb7 25. Bg4 Kf7 26. f4 Bd4+ 27. Kh1 Nd6 28. f5 Nf6 29. fxe6+ Kg7 30. Bf3 Be5 31. Qc1 Qb3 32. Bh6+ Kh8 33. Qa1 Qxe6 34. Qxa6 Rb7 35. Qa8+ Qg8 36. Qa5 Nf7 37. Bc1 Qb8 38. g3 Kg7 39. Bg2 h5 40. Qa6 Rb4 41. Qe6 Qd6 42. Qxd6 Nxd6 43. Re1 1/2-1/2

[Event "FICGS rapid M 000117 email"]
[Site "FICGS email"]
[Date "2020.07.11"]
[Round "1"]
[White "Vasquez, Fernando"]
[Black "Van Dijk, Erik"]
[Result "1/2-1/2"]
[WhiteElo "2140"]
[BlackElo "2176"]
[PlyCount "61"]
[EventDate "2020.??.??"]
[EventType "tourn (rapid)"]
[EventRounds "6"]
[SourceTitle "Corr 2024"]
[Source "ChessBase"]
[SourceDate "2023.10.19"]
[SourceVersion "1"]
[SourceVersionDate "2023.10.19"]
[SourceQuality "1"]

1. e4 c5 2. c3 Nf6 3. e5 Nd5 4. Nf3 Nc6 5. d4 cxd4 6. cxd4 d6 7. Bc4 Nb6 8. Bb5 Bd7 9. Nc3 dxe5 10. dxe5 g6 11. Qe2 Bg7 12. 0-0 0-0 13. Rd1 Qc7 14. a4 Nxe5 15. Bxd7 Nbxd7 16. Nd5 Nxf3+ 17. Qxf3 Qe5 18. Bf4 Qxb2 19. Rab1 Qa2 20. Rxb7 Nc5 21. Rb5 Ne6 22. Be5 Bxe5 23. Nxe7+ Kg7 24. Rxe5 Qb2 25. Ree1 Rfe8 26. h4 Qf6 27. Qxf6+ Kxf6 28. Nd5+ Kg7 29. Rxe6 Rxe6 30. Nc7 Rae8 31. Nxe8+ 1/2-1/2

[Event "FICGS rapid M 000116 email"]
[Site "FICGS email"]
[Date "2020.06.21"]
[Round "1"]
[White "Cirulis, Ilmars"]
[Black "Van Dijk, Erik"]
[Result "1/2-1/2"]
[WhiteElo "2180"]
[BlackElo "2179"]
[PlyCount "47"]
[EventDate "2020.??.??"]
[EventType "tourn (rapid)"]
[EventRounds "6"]
[SourceTitle "Corr 2022"]
[Source "ChessBase"]
[SourceDate "2021.10.24"]
[SourceVersion "1"]
[SourceVersionDate "2021.10.24"]
[SourceQuality "1"]

1. c4 Nf6 2. Nc3 e5 3. Nf3 Nc6 4. g3 Bb4 5. Nd5 e4 6. Nh4 0-0 7. Bg2 Re8 8. f3 Nxd5 9. cxd5 Be7 10. dxc6 Bxh4 11. cxd7 Bxd7 12. fxe4 c5 13. b3 Bf6 14. Rb1 Bd4 15. Bb2 Bc6 16. Bxd4 Qxd4 17. d3 f5 18. Rc1 Rad8 19. Rc4 Qd7 20. Qc2 fxe4 21. Bxe4 Bxe4 22. dxe4 b6 23. 0-0 Qd2 24. Qxd2 1/2-1/2

[Event "FICGS W-ch st2 g02 email"]
[Site "FICGS email"]
[Date "2020.03.02"]
[Round "1"]
[White "Aahlad, Yeturu"]
[Black "Van Dijk, Erik"]
[Result "1/2-1/2"]
[WhiteElo "2220"]
[BlackElo "2166"]
[PlyCount "72"]
[EventDate "2020.??.??"]
[EventType "tourn (corr)"]
[EventRounds "8"]
[SourceTitle "Corr 2022"]
[Source "ChessBase"]
[SourceDate "2021.10.24"]
[SourceVersion "1"]
[SourceVersionDate "2021.10.24"]
[SourceQuality "1"]

1. d4 Nf6 2. c4 g6 3. Nc3 d5 4. cxd5 Nxd5 5. e4 Nxc3 6. bxc3 Bg7 7. Be3 c5 8. Rc1 Qa5 9. Qd2 cxd4 10. cxd4 Qxd2+ 11. Bxd2 0-0 12. Nf3 e6 13. Bb5 Nc6 14. Bxc6 bxc6 15. 0-0 Ba6 16. Rfe1 Bb5 17. Bb4 Rfd8 18. Bc5 a5 19. h4 f5 20. Rc3 a4 21. a3 Rd7 22. exf5 exf5 23. Rce3 Bf6 24. Kh2 Rc8 25. Kh3 Bc4 26. Ne5 Bxe5 27. Rxe5 Bf7 28. Rb1 Bb3 29. f3 h6 30. Rbe1 Kg7 31. h5 Rf7 32. hxg6 Kxg6 33. Kg3 Rg8 34. Kf4 Bd5 35. R1e2 Rb8 36. Bb4 Rd8 1/2-1/2